[Event "Olimpiada Dresden 2008 Femenina"]
[Site "Dresden GER"]
[Date "2008.11.17"]
[Round "5.14"]
[White "Milliet, Sophie"]
[Black "Galojan, Lilit"]
[Result "0-1"]
[WhiteElo "2366"]
[BlackElo "2305"]
[PlyCount "61"]
[EventDate "2008.11.13"]
[EventType "team-tourn"]
[EventRounds "11"]
[EventCountry "GER"]
[Source "lmi"]
[SourceDate "2008.11.13"]
[WhiteTeam "Francia"]
[BlackTeam "Armenia"]
[WhiteTeamCountry "FRA"]
[BlackTeamCountry "ARM"]

1. e4 e5 2. Nf3 Nc6 3. Bb5 a6 4. Ba4 Nf6 5. O-O Nxe4 6. d4 b5 7. Bb3 d5 8. dxe5
Be6 9. Be3 Be7 10. c3 O-O 11. Nbd2 Qd7 12. Re1 Rad8 13. Bc2 Bf5 14. Nxe4 Bxe4
15. Bxe4 dxe4 16. Qxd7 Rxd7 17. e6 fxe6 18. Nd2 a5 19. a4 Rb8 20. axb5 Rxb5 21.
Nc4 Ne5 22. Rxa5 Rxa5 23. Nxa5 Nd3 24. Rd1 Rd5 25. Nc4 Nxf2 26. Rxd5 exd5 27.
Kxf2 dxc4 28. Ba7 Bg5 29. Be3 Be7 30. Ba7 Bg5 31. Be3 0-1

[Event "Olimpiada Dresden 2008 Femenina"]
[Site "Dresden GER"]
[Date "2008.11.17"]
[Round "5.15"]
[White "Klinova, Masha"]
[Black "Le, Thanh Tu"]
[Result "0-1"]
[WhiteElo "2327"]
[BlackElo "2324"]
[PlyCount "76"]
[EventDate "2008.11.13"]
[EventType "team-tourn"]
[EventRounds "11"]
[EventCountry "GER"]
[Source "lmi"]
[SourceDate "2008.11.13"]
[WhiteTeam "Israel"]
[BlackTeam "Vietnam"]
[WhiteTeamCountry "ISR"]
[BlackTeamCountry "VIE"]

1. e4 c6 2. d4 d5 3. e5 c5 4. dxc5 Nc6 5. Bf4 e6 6. Nd2 Nge7 7. Ngf3 Ng6 8. Bg3
Bxc5 9. Bd3 Nb4 10. Be2 h5 11. h4 Nc6 12. c4 Nce7 13. Qc2 Bb6 14. Bd3 Bd7 15.
cxd5 exd5 16. O-O Rc8 17. Qb1 Nf8 18. Ng5 Ne6 19. Ndf3 g6 20. Re1 O-O 21. Nxe6
Bxe6 22. Bf4 Nf5 23. Bg5 Qc7 24. Re2 Qd7 25. Qd1 Ng3 26. Rd2 Bf5 27. Bxf5 Qxf5
28. Rxd5 Rc2 29. Rd2 Rfc8 30. Be3 Bxe3 31. fxe3 Rxd2 32. Qxd2 Rc2 33. Qd8+ Kg7
34. Re1 Ne4 35. Qd1 Rxg2+ 36. Kxg2 Qg4+ 37. Kf1 Qh3+ 38. Ke2 Qg2+ 0-1

[Event "Olimpiada Dresden 2008 Femenina"]
[Site "Dresden GER"]
[Date "2008.11.17"]
[Round "5.15"]
[White "Dang, Bich Ngoc"]
[Black "Efroimski, Marsel"]
[Result "1-0"]
[WhiteElo "2186"]
[BlackElo "2052"]
[PlyCount "91"]
[EventDate "2008.11.13"]
[EventType "team-tourn"]
[EventRounds "11"]
[EventCountry "GER"]
[Source "lmi"]
[SourceDate "2008.11.13"]
[WhiteTeam "Vietnam"]
[BlackTeam "Israel"]
[WhiteTeamCountry "VIE"]
[BlackTeamCountry "ISR"]

1. e4 e5 2. Nf3 Nc6 3. Bb5 a6 4. Ba4 Nf6 5. O-O Be7 6. Re1 b5 7. Bb3 d6 8. c3
O-O 9. h3 Na5 10. Bc2 d5 11. exd5 e4 12. Bxe4 Nxe4 13. Rxe4 Bb7 14. d4 Re8 15.
Bf4 Nc4 16. b3 Nb6 17. c4 bxc4 18. bxc4 Nxc4 19. Nc3 Nb6 20. Qb3 Rb8 21. Re5
Ba8 22. Ng5 Rf8 23. Qc2 g6 24. Nge4 Nc4 25. Rxe7 Qxe7 26. Qe2 f5 27. Qxc4 fxe4
28. d6+ Qf7 29. Qxf7+ Rxf7 30. dxc7 Rc8 31. Bg3 Rfxc7 32. Bxc7 Rxc7 33. Rc1 Bd5
34. Ne2 Rxc1+ 35. Nxc1 Kf7 36. Kf1 Bc4+ 37. Ke1 Ke6 38. Kd2 Kd5 39. Ke3 g5 40.
g3 a5 41. h4 gxh4 42. gxh4 a4 43. h5 a3 44. h6 Bb5 45. Nb3 Bc4 46. Nc1 1-0

[Event "Olimpiada Dresden 2008 Femenina"]
[Site "Dresden GER"]
[Date "2008.11.17"]
[Round "5.16"]
[White "Hund, Barbara"]
[Black "Lindiawati, Evi"]
[Result "1/2-1/2"]
[WhiteElo "2216"]
[BlackElo "2121"]
[PlyCount "107"]
[EventDate "2008.11.13"]
[EventType "team-tourn"]
[EventRounds "11"]
[EventCountry "GER"]
[Source "lmi"]
[SourceDate "2008.11.13"]
[WhiteTeam "Suiza"]
[BlackTeam "Indonesia"]
[WhiteTeamCountry "SUI"]
[BlackTeamCountry "INA"]

1. d4 Nf6 2. Nf3 g6 3. Nbd2 d5 4. e3 Bg7 5. b4 c6 6. c4 O-O 7. Be2 a5 8. b5
dxc4 9. Bxc4 Nd5 10. Bb2 a4 11. bxc6 Nxc6 12. a3 b5 13. Be2 Qa5 14. O-O Bd7 15.
Rc1 Rfc8 16. Rc5 Nc7 17. Qa1 Qb6 18. Rfc1 e6 19. Ne4 Na5 20. Ne5 Be8 21. Nd2
Nb7 22. R5c2 Nd6 23. e4 Na6 24. d5 Rxc2 25. Rxc2 f6 26. Bd4 Qb7 27. Nc6 e5 28.
Be3 Rc8 29. Qc1 Rc7 30. f4 Nb8 31. fxe5 fxe5 32. Nd8 Rxc2 33. Qxc2 Qe7 34. Ne6
Bf6 35. Nf3 Nd7 36. g4 g5 37. h4 h6 38. hxg5 hxg5 39. Nfxg5 Nc4 40. Bxc4 bxc4
41. Qxa4 Nf8 42. Qa8 Qd7 43. Kf2 Bxg5 44. Nxg5 c3 45. Qb8 Qe7 46. Qc8 c2 47.
Qxc2 Qxa3 48. Bc5 Qa1 49. Bxf8 Kxf8 50. Nf3 Qa7+ 51. Kg2 Qg7 52. Qc5+ Kg8 53.
Qc8 Qg6 54. Kg3 1/2-1/2

[Event "Olimpiada Dresden 2008 Femenina"]
[Site "Dresden GER"]
[Date "2008.11.17"]
[Round "5.16"]
[White "Gavrilova, Anastasia"]
[Black "Kadek, Iin Dwijayanti"]
[Result "1-0"]
[WhiteElo "2078"]
[BlackElo "1859"]
[PlyCount "172"]
[EventDate "2008.11.13"]
[EventType "team-tourn"]
[EventRounds "11"]
[EventCountry "GER"]
[Source "lmi"]
[SourceDate "2008.11.13"]
[WhiteTeam "Suiza"]
[BlackTeam "Indonesia"]
[WhiteTeamCountry "SUI"]
[BlackTeamCountry "INA"]

1. d4 Nf6 2. c4 e6 3. Nf3 b6 4. g3 Ba6 5. Qc2 Bb4+ 6. Nbd2 O-O 7. Bg2 d5 8. O-O
c5 9. dxc5 Bxc5 10. cxd5 Nxd5 11. Nb3 Nd7 12. Ng5 g6 13. Ne4 Be7 14. Nd4 Qc8
15. Nc6 Bc5 16. b4 Qxc6 17. bxc5 f5 18. Ng5 h6 19. Nf3 Qxc5 20. Qa4 Bb5 21. Qh4
Bxe2 22. Qxh6 Rf6 23. Ng5 Nf8 24. Re1 Qc3 25. Bf4 Nxf4 26. gxf4 Rc8 27. Rab1
Qd2 28. Bf3 Bxf3 29. Nxf3 Qc3 30. Re3 Qc2 31. Rbe1 Qb2 32. Ne5 Rc1 33. Rxc1
Qxc1+ 34. Kg2 Qc7 35. Rh3 Qb7+ 36. Kg1 Qh7 37. Qxh7+ Nxh7 38. Rc3 Rf8 39. Rc7
Ra8 40. Nxg6 Nf6 41. Kg2 a5 42. Rb7 Nd5 43. Ne7+ Nxe7 44. Rxe7 b5 45. Rxe6 b4
46. Rb6 Kf7 47. h4 Rg8+ 48. Kf3 Rc8 49. Rb5 Rc3+ 50. Kg2 Kg6 51. Rxa5 b3 52.
axb3 Rxb3 53. f3 Rb6 54. Kg3 Rb1 55. Ra6+ Kh5 56. Rf6 Rb5 57. Rf8 Kh6 58. Rg8
Rb1 59. Rg5 Rb5 60. h5 Ra5 61. Kh4 Kh7 62. Rg3 Ra8 63. Rg6 Ra3 64. Kg5 Rxf3 65.
Ra6 Rg3+ 66. Kxf5 Rb3 67. Kg5 Rg3+ 68. Kf6 Rh3 69. Ra5 Rh1 70. Ke6 Rb1 71. Re5
Kh6 72. Kf7 Rb7+ 73. Kf6 Rb4 74. Rf5 Rb7 75. Ke5 Rb5+ 76. Ke4 Rb4+ 77. Kf3 Rb1
78. Re5 Ra1 79. Rd5 Rb1 80. Kg4 Rg1+ 81. Kf5 Kxh5 82. Ke6+ Kh6 83. f5 Re1+ 84.
Kf7 Ra1 85. f6 Ra7+ 86. Ke8 Kg6 1-0

[Event "Olimpiada Dresden 2008 Femenina"]
[Site "Dresden GER"]
[Date "2008.11.17"]
[Round "5.17"]
[White "Nguyen, Thu Giang"]
[Black "Zimina, Olga"]
[Result "0-1"]
[WhiteElo "2101"]
[BlackElo "2368"]
[PlyCount "72"]
[EventDate "2008.11.13"]
[EventType "team-tourn"]
[EventRounds "11"]
[EventCountry "GER"]
[Source "lmi"]
[SourceDate "2008.11.13"]
[WhiteTeam "Australia"]
[BlackTeam "Italia"]
[WhiteTeamCountry "AUS"]
[BlackTeamCountry "ITA"]

1. Nf3 Nf6 2. g3 d5 3. Bg2 c6 4. c4 Bf5 5. Qb3 Qc8 6. d4 e6 7. Nc3 h6 8. Bf4
Be7 9. Rc1 O-O 10. O-O Rd8 11. Rfd1 dxc4 12. Qxc4 Nbd7 13. Qb3 g5 14. Bd2 Nb6
15. h4 g4 16. Ne5 Rxd4 17. e4 Rxd2 18. Rxd2 Bh7 19. Nc4 Qc7 20. Nxb6 axb6 21.
Qc4 Qe5 22. a4 h5 23. Rcd1 Kg7 24. b4 Bg6 25. Qd4 Qxd4 26. Rxd4 e5 27. Rc4 Ne8
28. Rd7 Nd6 29. Rxc6 bxc6 30. Rxe7 Nc4 31. Rc7 Nb2 32. Rxc6 Nxa4 33. Nxa4 Rxa4
34. Rxb6 Ra1+ 35. Kh2 Ra2 36. Kg1 Ra1+ 0-1

[Event "Olimpiada Dresden 2008 Femenina"]
[Site "Dresden GER"]
[Date "2008.11.17"]
[Round "5.17"]
[White "Ambrosi, Eleonora"]
[Black "Moylan, Laura"]
[Result "1-0"]
[WhiteElo "2128"]
[BlackElo "2114"]
[PlyCount "154"]
[EventDate "2008.11.13"]
[EventType "team-tourn"]
[EventRounds "11"]
[EventCountry "GER"]
[Source "lmi"]
[SourceDate "2008.11.13"]
[WhiteTeam "Italia"]
[BlackTeam "Australia"]
[WhiteTeamCountry "ITA"]
[BlackTeamCountry "AUS"]

1. d4 Nf6 2. Nf3 g6 3. Bg5 Bg7 4. c3 O-O 5. Nbd2 d6 6. a4 h6 7. Bh4 g5 8. Bg3
Nh5 9. e4 e6 10. Ng1 Nxg3 11. hxg3 c5 12. dxc5 d5 13. Ngf3 Nd7 14. exd5 Nxc5
15. Be2 exd5 16. O-O Qb6 17. Qc2 Bd7 18. a5 Qf6 19. Nd4 Rfe8 20. Bb5 Bxb5 21.
Nxb5 Qc6 22. Nd4 Bxd4 23. cxd4 Ne6 24. Qd3 Qa6 25. Ra3 Qxd3 26. Rxd3 Rac8 27.
Rb1 Red8 28. b3 h5 29. Nf1 Kg7 30. Ne3 Kg6 31. Rf1 f5 32. Re1 Rc6 33. Nc2 f4
34. Nb4 Rcd6 35. Re5 Kf6 36. gxf4 Nxf4 37. Rf3 Kg6 38. g3 Ne6 39. Rff5 Nxd4 40.
Rxg5+ Kf7 41. Kg2 Nc6 42. Ref5+ Rf6 43. Rxd5 Rxd5 44. Nxd5 Rh6 45. Nf4 h4 46.
Rb5 hxg3 47. fxg3 Nd8 48. g4 b6 49. a6 Ne6 50. Rf5+ Kg8 51. Nd3 Nc5 52. Rg5+
Kf8 53. Nxc5 bxc5 54. Rxc5 Rxa6 55. Rb5 Kg7 56. Kf3 Kg6 57. Ke4 Rd6 58. Ke5 Rd3
59. Ke4 Rd7 60. Kf4 Rd4+ 61. Kg3 Rd3+ 62. Kh4 Rc3 63. b4 Rb3 64. Rb7 Kh6 65.
g5+ Kg6 66. Kg4 Rb2 67. Kf4 Rb1 68. Rb5 Re1 69. Ra5 Re7 70. Rc5 Rb7 71. b5 Re7
72. Re5 Rb7 73. Ke4 Rb6 74. Rc5 Kg7 75. Rc7+ Kg8 76. Rc8+ Kg7 77. Rc7+ Kg8 1-0

[Event "Olimpiada Dresden 2008 Femenina"]
[Site "Dresden GER"]
[Date "2008.11.17"]
[Round "5.17"]
[White "Dekic, Biljana N"]
[Black "De Rosa, Maria"]
[Result "1-0"]
[WhiteElo "2103"]
[BlackElo "2083"]
[PlyCount "105"]
[EventDate "2008.11.13"]
[EventType "team-tourn"]
[EventRounds "11"]
[EventCountry "GER"]
[Source "lmi"]
[SourceDate "2008.11.13"]
[WhiteTeam "Australia"]
[BlackTeam "Italia"]
[WhiteTeamCountry "AUS"]
[BlackTeamCountry "ITA"]

1. Nf3 d5 2. d4 c6 3. c4 e6 4. e3 Nf6 5. Nbd2 Nbd7 6. Bd3 Bd6 7. O-O O-O 8. e4
e5 9. cxd5 cxd5 10. exd5 exd4 11. Ne4 Nxe4 12. Bxe4 Nf6 13. Qxd4 Nxe4 14. Qxe4
Re8 15. Qd4 Bf5 16. Bg5 f6 17. Be3 Qd7 18. Qd2 Be4 19. Bf4 Bxf4 20. Qxf4 Qxd5
21. Rfd1 Qf5 22. Qxf5 Bxf5 23. Nd4 Bg6 24. f3 Rac8 25. Rd2 a6 26. Rad1 h5 27.
Kf2 b5 28. a3 Rc4 29. Ne2 a5 30. Rd4 Rcc8 31. R1d2 Rb8 32. h4 Bf7 33. Rd7 b4
34. Ra7 Rbd8 35. Rxd8 Rxd8 36. Rxa5 Rd2 37. Ke3 Rxb2 38. axb4 Rxb4 39. Nd4 Rb8
40. Ra7 g6 41. Ne2 Rb3+ 42. Kf4 Rb2 43. Nc3 Rxg2 44. Ne4 g5+ 45. hxg5 fxg5+ 46.
Kf5 Ra2 47. Rxa2 Bxa2 48. Kxg5 Bf7 49. Nf6+ Kg7 50. Nxh5+ Bxh5 51. Kxh5 Kf6 52.
Kg4 Kg6 53. f4 1-0

[Event "Olimpiada Dresden 2008 Femenina"]
[Site "Dresden GER"]
[Date "2008.11.17"]
[Round "5.18"]
[White "Rogule, Laura"]
[Black "Munguntuul, Batkhuyag"]
[Result "1/2-1/2"]
[WhiteElo "2260"]
[BlackElo "2410"]
[PlyCount "63"]
[EventDate "2008.11.13"]
[EventType "team-tourn"]
[EventRounds "11"]
[EventCountry "GER"]
[Source "lmi"]
[SourceDate "2008.11.13"]
[WhiteTeam "Letonia"]
[BlackTeam "Mongolia"]
[WhiteTeamCountry "LAT"]
[BlackTeamCountry "MGL"]

1. e4 e5 2. Nc3 Nf6 3. g3 d5 4. exd5 Nxd5 5. Bg2 Nxc3 6. bxc3 Bd6 7. Nf3 O-O 8.
O-O Nc6 9. d4 Bg4 10. h3 Bf5 11. Rb1 exd4 12. Nxd4 Nxd4 13. cxd4 Rb8 14. Rxb7
Rxb7 15. Bxb7 Bxh3 16. Re1 Qd7 17. c3 Be6 18. a4 Rb8 19. Be4 Bb3 20. Qd3 g6 21.
a5 Qa4 22. Qa6 Re8 23. Bd2 Qa2 24. Bd3 Rxe1+ 25. Bxe1 Qa1 26. Kf1 Be6 27. Qxa7
Qd1 28. Qb8+ Kg7 29. Qb1 Qh5 30. Kg1 Qxa5 31. c4 Qg5 32. Qc2 1/2-1/2

[Event "Olimpiada Dresden 2008 Femenina"]
[Site "Dresden GER"]
[Date "2008.11.17"]
[Round "5.18"]
[White "Yanjindulam, Dulamsuren"]
[Black "Berzina, Ilze"]
[Result "0-1"]
[WhiteElo "2286"]
[BlackElo "2320"]
[PlyCount "70"]
[EventDate "2008.11.13"]
[EventType "team-tourn"]
[EventRounds "11"]
[EventCountry "GER"]
[Source "lmi"]
[SourceDate "2008.11.13"]
[WhiteTeam "Mongolia"]
[BlackTeam "Letonia"]
[WhiteTeamCountry "MGL"]
[BlackTeamCountry "LAT"]

1. Nf3 Nf6 2. c4 g6 3. Nc3 Bg7 4. g3 O-O 5. Bg2 d5 6. cxd5 Nxd5 7. O-O Nc6 8.
d4 Nb6 9. d5 Na5 10. Bf4 c6 11. dxc6 Nxc6 12. Qc1 e5 13. Rd1 Bd7 14. Bh6 Rc8
15. Bxg7 Kxg7 16. b3 Qe7 17. Qe3 Rcd8 18. Ne1 f6 19. Rd2 Be6 20. Rad1 Rxd2 21.
Rxd2 Nd4 22. Nf3 Nf5 23. Qd3 Rc8 24. Rd1 Qb4 25. Ne4 Nd5 26. Neg5 fxg5 27. Nxg5
Bg8 28. Bxd5 Rd8 29. e4 h6 30. Nf3 Bxd5 31. Nxe5 Bxb3 32. Qxd8 Bxd1 33. Qxd1
Qxe4 34. Qd7+ Kf6 35. Nd3 Qd4 0-1

[Event "Olimpiada Dresden 2008 Femenina"]
[Site "Dresden GER"]
[Date "2008.11.17"]
[Round "5.18"]
[White "Erneste, Inguna"]
[Black "Enxtuul, Altanolzii"]
[Result "0-1"]
[WhiteElo "2290"]
[BlackElo "1977"]
[PlyCount "70"]
[EventDate "2008.11.13"]
[EventType "team-tourn"]
[EventRounds "11"]
[EventCountry "GER"]
[Source "lmi"]
[SourceDate "2008.11.13"]
[WhiteTeam "Letonia"]
[BlackTeam "Mongolia"]
[WhiteTeamCountry "LAT"]
[BlackTeamCountry "MGL"]

1. d4 Nf6 2. Nf3 e6 3. c4 b6 4. e3 Bb7 5. Bd3 d5 6. O-O Bd6 7. b3 O-O 8. Bb2
Nbd7 9. Nbd2 Ne4 10. Qc2 f5 11. Ne5 Bxe5 12. dxe5 Ndc5 13. Rfd1 f4 14. Nxe4
dxe4 15. Bf1 Qg5 16. Bd4 Nd3 17. exf4 Qxf4 18. Qd2 Qg4 19. h3 Qg6 20. g3 Rad8
21. Qc3 Rxd4 22. Qxd4 Nxf2 23. Qxf2 Rxf2 24. Kxf2 e3+ 25. Kxe3 Qxg3+ 26. Kd2
Qf2+ 27. Kc3 Qe3+ 28. Kb2 Qxe5+ 29. Ka3 Be4 30. Rd8+ Kf7 31. Rad1 Bf5 32. R8d4
Kf6 33. R4d2 g5 34. Bg2 h5 35. Rf1 Qa5+ 0-1

[Event "Olimpiada Dresden 2008 Femenina"]
[Site "Dresden GER"]
[Date "2008.11.17"]
[Round "5.18"]
[White "Munhchuluun, Cegmed"]
[Black "Skinke, Katrina"]
[Result "1-0"]
[WhiteElo "1969"]
[BlackElo "2186"]
[PlyCount "87"]
[EventDate "2008.11.13"]
[EventType "team-tourn"]
[EventRounds "11"]
[EventCountry "GER"]
[Source "lmi"]
[SourceDate "2008.11.13"]
[WhiteTeam "Mongolia"]
[BlackTeam "Letonia"]
[WhiteTeamCountry "MGL"]
[BlackTeamCountry "LAT"]

1. d4 g6 2. e4 Bg7 3. Nc3 d6 4. Be3 Nf6 5. f3 b6 6. Qd2 O-O 7. Nge2 c5 8. d5
Nbd7 9. Ng3 a6 10. a4 Re8 11. Be2 Bb7 12. O-O Qc7 13. Rad1 Rad8 14. f4 c4 15.
f5 Ne5 16. Kh1 Bc8 17. Bh6 Bd7 18. Qg5 Bxh6 19. Qxh6 Kh8 20. fxg6 fxg6 21. h3
Rg8 22. Qe3 b5 23. axb5 axb5 24. b4 cxb3 25. cxb3 b4 26. Nb1 Rc8 27. Rc1 Qb8
28. Nd2 Bb5 29. Qd4 Bxe2 30. Nxe2 Rxc1 31. Rxc1 g5 32. Ng3 g4 33. h4 Rf8 34.
Nc4 Nfd7 35. Nf5 Qe8 36. Nce3 Nf6 37. Rc7 g3 38. Rxe7 Qh5 39. Rxe5 dxe5 40.
Qxe5 Qg6 41. d6 Re8 42. Ne7 Qh6 43. Qxg3 Rf8 44. N3f5 1-0

[Event "Olimpiada Dresden 2008 Femenina"]
[Site "Dresden GER"]
[Date "2008.11.17"]
[Round "5.19"]
[White "Sharevich, Anna"]
[Black "Dauletova, Gulmira"]
[Result "1-0"]
[WhiteElo "2322"]
[BlackElo "2253"]
[PlyCount "69"]
[EventDate "2008.11.13"]
[EventType "team-tourn"]
[EventRounds "11"]
[EventCountry "GER"]
[Source "lmi"]
[SourceDate "2008.11.13"]
[WhiteTeam "Bielorusia"]
[BlackTeam "Kazajstán"]
[WhiteTeamCountry "BLR"]
[BlackTeamCountry "KAZ"]

1. d4 Nf6 2. c4 g6 3. Nc3 Bg7 4. e4 d6 5. f3 O-O 6. Be3 c5 7. Nge2 Nc6 8. d5
Ne5 9. Ng3 e6 10. Be2 exd5 11. cxd5 a6 12. a4 Bd7 13. h3 b5 14. f4 Nc4 15. Bxc4
bxc4 16. O-O Re8 17. Qf3 Rb8 18. Rf2 Rb3 19. Rd1 h5 20. e5 dxe5 21. fxe5 Rxe5
22. Bxc5 h4 23. Nf1 Bxa4 24. Rdd2 Bd7 25. Ne3 Qe8 26. Nxc4 Re1+ 27. Rf1 Rxf1+
28. Qxf1 Rxc3 29. bxc3 Ne4 30. Re2 Qc8 31. Rxe4 Qxc5+ 32. Qf2 Qxd5 33. Rxh4
Bxc3 34. Qa7 Be8 35. Qxa6 1-0

[Event "Olimpiada Dresden 2008 Femenina"]
[Site "Dresden GER"]
[Date "2008.11.17"]
[Round "5.19"]
[White "Sergeeva, Maria"]
[Black "Popova, Natalija"]
[Result "1-0"]
[WhiteElo "2325"]
[BlackElo "2264"]
[PlyCount "65"]
[EventDate "2008.11.13"]
[EventType "team-tourn"]
[EventRounds "11"]
[EventCountry "GER"]
[Source "lmi"]
[SourceDate "2008.11.13"]
[WhiteTeam "Kazajstán"]
[BlackTeam "Bielorusia"]
[WhiteTeamCountry "KAZ"]
[BlackTeamCountry "BLR"]

1. e4 e5 2. Nf3 Nc6 3. Bb5 a6 4. Ba4 Nf6 5. d3 d6 6. c3 g6 7. Nbd2 Bg7 8. Nf1
O-O 9. Ng3 Nd7 10. O-O Nc5 11. Bc2 Ne6 12. Re1 Bd7 13. a4 a5 14. Be3 Qf6 15. h3
Rae8 16. Bb3 h5 17. Rc1 Bc8 18. Rc2 Nf4 19. Rd2 Bh6 20. Bc2 Kh8 21. d4 Rg8 22.
dxe5 Nxe5 23. Nxe5 dxe5 24. b4 axb4 25. cxb4 Rd8 26. Rxd8 Rxd8 27. Qa1 Kh7 28.
Qc3 c6 29. Ne2 Nxe2+ 30. Rxe2 Bxe3 31. Rxe3 Rd4 32. b5 Qd6 33. Bb3 1-0

[Event "Olimpiada Dresden 2008 Femenina"]
[Site "Dresden GER"]
[Date "2008.11.17"]
[Round "5.19"]
[White "Azarova, Nadezhda"]
[Black "Nakhbayeva, Guliskhan"]
[Result "1-0"]
[WhiteElo "2308"]
[BlackElo "2201"]
[PlyCount "29"]
[EventDate "2008.11.13"]
[EventType "team-tourn"]
[EventRounds "11"]
[EventCountry "GER"]
[Source "lmi"]
[SourceDate "2008.11.13"]
[WhiteTeam "Bielorusia"]
[BlackTeam "Kazajstán"]
[WhiteTeamCountry "BLR"]
[BlackTeamCountry "KAZ"]

1. e4 e5 2. Nf3 Nc6 3. d4 exd4 4. Nxd4 Bc5 5. Be3 Qf6 6. c3 Nge7 7. Bc4 Ne5 8.
Be2 Qg6 9. O-O d6 10. Bh5 Qxe4 11. Nd2 Qd3 12. Be2 Qg6 13. Bh5 Qd3 14. Be2 Qg6
15. Bh5 1-0

[Event "Olimpiada Dresden 2008 Femenina"]
[Site "Dresden GER"]
[Date "2008.11.17"]
[Round "5.19"]
[White "Rysbayeva, Aigerim"]
[Black "Klimets, Elena"]
[Result "1-0"]
[WhiteElo "2180"]
[BlackElo "2129"]
[PlyCount "67"]
[EventDate "2008.11.13"]
[EventType "team-tourn"]
[EventRounds "11"]
[EventCountry "GER"]
[Source "lmi"]
[SourceDate "2008.11.13"]
[WhiteTeam "Kazajstán"]
[BlackTeam "Bielorusia"]
[WhiteTeamCountry "KAZ"]
[BlackTeamCountry "BLR"]

1. d4 d5 2. c4 e6 3. Nf3 Nf6 4. Bg5 Bb4+ 5. Nbd2 dxc4 6. Qc2 b5 7. a4 c6 8. g3
Bb7 9. Bg2 h6 10. Bxf6 gxf6 11. O-O Nd7 12. Nh4 a6 13. Rfd1 O-O 14. Nf1 f5 15.
e4 fxe4 16. Qxe4 Nf6 17. Qf4 Kg7 18. Ne3 Rh8 19. b3 Nd5 20. Bxd5 cxd5 21. axb5
axb5 22. bxc4 Rxa1 23. Rxa1 dxc4 24. Qe5+ Qf6 25. Qxb5 Bc3 26. Ra3 Be1 27. Qxb7
Bxf2+ 28. Kg2 Bxe3 29. Rxe3 Qxd4 30. Rxe6 Qd2+ 31. Kh3 Qf2 32. Rg6+ Kh7 33. Qb1
c3 34. Rc6+ 1-0

[Event "Olimpiada Dresden 2008 Femenina"]
[Site "Dresden GER"]
[Date "2008.11.17"]
[Round "5.20"]
[White "Hamid, Rani"]
[Black "Ptacnikova, Lenka"]
[Result "0-1"]
[WhiteElo "2132"]
[BlackElo "2237"]
[PlyCount "89"]
[EventDate "2008.11.13"]
[EventType "team-tourn"]
[EventRounds "11"]
[EventCountry "GER"]
[Source "lmi"]
[SourceDate "2008.11.13"]
[WhiteTeam "Bangladesh"]
[BlackTeam "Islandia"]
[WhiteTeamCountry "BAN"]
[BlackTeamCountry "ISL"]

1. d4 e6 2. c4 Bb4+ 3. Nd2 b6 4. a3 Be7 5. e4 Bb7 6. Ngf3 Nh6 7. Bd3 f5 8. O-O
O-O 9. Qe2 Qc8 10. d5 a5 11. Nb3 f4 12. Nbd4 Bc5 13. Bd2 Na6 14. Bc3 Qe8 15. b3
Qe7 16. Nc2 c6 17. Qd2 cxd5 18. exd5 exd5 19. Rfe1 Qd8 20. b4 Bd6 21. cxd5 Nf5
22. Be4 axb4 23. axb4 Nh4 24. Qd4 Nxf3+ 25. Bxf3 Rf7 26. Na3 Bf8 27. Nb5 Rc8
28. Rac1 Qf6 29. Qxf6 gxf6 30. Rb1 Nc7 31. Nxc7 Rxc7 32. Bd2 Rc4 33. Rec1 Rd4
34. Bc3 Rc4 35. Be1 Rxc1 36. Rxc1 Bd6 37. Ra1 Be5 38. Rc1 Rf8 39. h4 Ra8 40.
Kh2 Ra3 41. Be4 Kg7 42. f3 Rb3 43. Rc2 Ba6 44. Bf2 Bd3 45. Bxd3 0-1

[Event "Olimpiada Dresden 2008 Femenina"]
[Site "Dresden GER"]
[Date "2008.11.17"]
[Round "5.20"]
[White "Thorsteinsdottir, Gudlaug"]
[Black "Shamima, Akter Liza"]
[Result "1/2-1/2"]
[WhiteElo "2156"]
[BlackElo "2094"]
[PlyCount "97"]
[EventDate "2008.11.13"]
[EventType "team-tourn"]
[EventRounds "11"]
[EventCountry "GER"]
[Source "lmi"]
[SourceDate "2008.11.13"]
[WhiteTeam "Islandia"]
[BlackTeam "Bangladesh"]
[WhiteTeamCountry "ISL"]
[BlackTeamCountry "BAN"]

1. e4 e6 2. d4 d5 3. e5 c5 4. c3 Qb6 5. Nf3 Nc6 6. a3 Nh6 7. b4 cxd4 8. cxd4
Nf5 9. Bb2 Bd7 10. g4 Nfe7 11. Nc3 Na5 12. Qc2 Nc4 13. Bxc4 dxc4 14. Nd2 Qc6
15. Nce4 Nc8 16. Nxc4 b5 17. Ne3 Qxc2 18. Nxc2 Bc6 19. f3 Nb6 20. Kf2 Be7 21.
h4 O-O 22. g5 Na4 23. Rab1 f6 24. gxf6 gxf6 25. d5 Nxb2 26. exf6 Bxf6 27. Nxf6+
Rxf6 28. dxc6 Nc4 29. Rhg1+ Kf8 30. Rbd1 Rc8 31. Nd4 a6 32. Rg5 h6 33. Rg4 Ke7
34. Rg7+ Rf7 35. Rg6 Rf6 36. Rg7+ Rf7 37. Rdg1 Ne5 38. Rg8 Rc7 39. Ra8 Nd3+ 40.
Ke3 e5 41. Kxd3 exd4 42. Rxa6 Kd6 43. Kxd4 Rf4+ 44. Ke3 Rxh4 45. Rd1+ Ke6 46.
Rc1 Rh5 47. Ra8 Rd5 48. Rh8 Kf5 49. Rxh6 1/2-1/2

[Event "Olimpiada Dresden 2008 Femenina"]
[Site "Dresden GER"]
[Date "2008.11.17"]
[Round "5.20"]
[White "Parveen, Seyda Shabana"]
[Black "Thorsteinsdottir, Hallgerdur"]
[Result "1-0"]
[WhiteElo "2079"]
[BlackElo "1915"]
[PlyCount "134"]
[EventDate "2008.11.13"]
[EventType "team-tourn"]
[EventRounds "11"]
[EventCountry "GER"]
[Source "lmi"]
[SourceDate "2008.11.13"]
[WhiteTeam "Bangladesh"]
[BlackTeam "Islandia"]
[WhiteTeamCountry "BAN"]
[BlackTeamCountry "ISL"]

1. e4 c5 2. Nf3 e6 3. d4 cxd4 4. Nxd4 a6 5. Bd3 Nf6 6. O-O d6 7. c4 Nbd7 8. Nc3
Qc7 9. Qe2 g6 10. Nf3 Bg7 11. Bf4 O-O 12. Rac1 b6 13. Rfd1 Bb7 14. Bb1 Ne5 15.
h3 Rfd8 16. b3 Rac8 17. Nh2 Qb8 18. Ng4 Nfxg4 19. hxg4 h6 20. Be3 Bc6 21. f3 b5
22. cxb5 axb5 23. Qf2 b4 24. Ne2 d5 25. exd5 Bxd5 26. Ng3 Rxc1 27. Rxc1 Bb7 28.
Ne4 Bxe4 29. Bxe4 Nd3 30. Bxd3 Rxd3 31. Qe2 Rd5 32. Rc4 Qd6 33. Bf4 Be5 34.
Bxe5 Rxe5 35. Re4 Rd5 36. Qf2 Kh7 37. Re2 h5 38. gxh5 Rxh5 39. g3 Rd5 40. Kg2
Rd3 41. Re3 Rc3 42. Re2 Qc6 43. Re4 g5 44. Qa7 Kg6 45. Qb8 Qd5 46. Qg8+ Kf6 47.
Qh8+ Ke7 48. Qd4 Rc2+ 49. Kg1 Qxd4+ 50. Rxd4 Rxa2 51. Rxb4 Kd6 52. Kf1 Rb2 53.
g4 f6 54. Ke1 Kc5 55. Rc4+ Kd5 56. Rb4 Ke5 57. Kf1 f5 58. gxf5 exf5 59. Kg1 f4
60. Kf1 Kf5 61. Rb5+ Kg6 62. Rb8 g4 63. Rg8+ Kf5 64. Rf8+ Ke5 65. Re8+ Kf5 66.
Rf8+ Ke5 67. Re8+ Kf5 1-0

[Event "Olimpiada Dresden 2008 Femenina"]
[Site "Dresden GER"]
[Date "2008.11.17"]
[Round "5.20"]
[White "Kristinardottir, Elsa Maria"]
[Black "Parveen, Tanima"]
[Result "0-1"]
[WhiteElo "1776"]
[BlackElo "2066"]
[PlyCount "68"]
[EventDate "2008.11.13"]
[EventType "team-tourn"]
[EventRounds "11"]
[EventCountry "GER"]
[Source "lmi"]
[SourceDate "2008.11.13"]
[WhiteTeam "Islandia"]
[BlackTeam "Bangladesh"]
[WhiteTeamCountry "ISL"]
[BlackTeamCountry "BAN"]

1. e4 c5 2. Nf3 d6 3. d4 cxd4 4. Nxd4 Nf6 5. Nc3 a6 6. Be3 e5 7. Nb3 Be7 8. Qd2
O-O 9. O-O-O Be6 10. f3 a5 11. Bb5 Na6 12. Kb1 Nc7 13. Bb6 Qc8 14. Ba4 Rd8 15.
Nb5 Nxb5 16. Bxb5 a4 17. Bxd8 Qxd8 18. Nc1 a3 19. b3 d5 20. exd5 Nxd5 21. Bc4
Bb4 22. Qxb4 Nxb4 23. Rxd8+ Rxd8 24. Bxe6 fxe6 25. Nd3 Nxd3 26. Rd1 e4 27. cxd3
exd3 28. f4 Kf7 29. g4 Kf6 30. Rd2 g5 31. fxg5+ Kxg5 32. Kc1 e5 33. Rf2 Rc8+
34. Kd1 e4 0-1